Loading...
| Literature - British | 0 | 7 | 0 | 1 | 70 | 110 | 127.86 | 4 | 7 | 0.00 | 0.00 |
| Literature - American | 0 | 6 | 1 | 0 | 55 | 75 | 125.50 | 2 | 6 | 0.00 | 0.00 |
| Science - Biology | 0 | 5 | 0 | 1 | 50 | 94 | 115.20 | 0 | 5 | 0.00 | 0.00 |
| Philosophy | 0 | 5 | 1 | 0 | 45 | 77 | 112.00 | 3 | 5 | 0.00 | 0.00 |
| Mythology | 0 | 4 | 0 | 0 | 40 | 122 | 135.00 | 0 | 4 | 0.00 | 0.00 |
| Fine Arts - Other | 0 | 4 | 0 | 0 | 40 | 79 | 100.75 | 2 | 4 | 0.00 | 0.00 |
| Literature - European | 0 | 4 | 1 | 0 | 35 | 110 | 126.75 | 2 | 4 | 0.00 | 0.00 |
| Fine Arts - Classical Music | 0 | 3 | 0 | 1 | 30 | 124 | 132.00 | 0 | 3 | 0.00 | 0.00 |
| Religion | 0 | 3 | 1 | 0 | 25 | 91 | 111.33 | 1 | 3 | 0.00 | 0.00 |
| History - European | 0 | 3 | 1 | 0 | 25 | 126 | 131.67 | 0 | 3 | 0.00 | 0.00 |
| History - Other | 0 | 3 | 1 | 0 | 25 | 106 | 125.33 | 1 | 3 | 0.00 | 0.00 |
| Science - Other | 0 | 3 | 1 | 1 | 25 | 111 | 114.33 | 0 | 3 | 0.00 | 0.00 |
| History - American | 0 | 3 | 1 | 0 | 25 | 89 | 108.00 | 0 | 3 | 0.00 | 0.00 |
| Social Science | 0 | 3 | 2 | 0 | 20 | 104 | 112.00 | 1 | 3 | 0.00 | 0.00 |
| Science - Physics | 0 | 2 | 0 | 0 | 20 | 124 | 129.00 | 0 | 2 | 0.00 | 0.00 |
| Literature - World | 0 | 3 | 3 | 1 | 15 | 111 | 129.33 | 1 | 3 | 0.00 | 0.00 |
| Fine Arts - Painting and Sculpture | 0 | 2 | 1 | 0 | 15 | 117 | 124.50 | 1 | 2 | 0.00 | 0.00 |
| Science - Chemistry | 0 | 1 | 0 | 0 | 10 | 120 | 120.00 | 0 | 1 | 0.00 | 0.00 |